| 000 | 00565nam a2200229Ia 4500 | ||
|---|---|---|---|
| 003 | OSt | ||
| 005 | 20220924145517.0 | ||
| 006 | a|||||r|||| 00| 0 | ||
| 007 | ta | ||
| 008 | 220923b |||||||| |||| 00| 0 pus d | ||
| 024 | _a328997 | ||
| 037 | _cTextual | ||
| 040 |
_aARTS _cARTS _bpus |
||
| 041 |
_2pus _apus |
||
| 082 | _aO165,3x, E8 | ||
| 100 |
_aRaverty Au. _9219899 |
||
| 245 | 0 | _aGulshan-e-roh | |
| 260 | _c1918 | ||
| 650 |
_aAFGHAN LITERATURE _9186112 |
||
| 942 |
_hO165,3x, E8 _cTEXL _2CC |
||
| 999 |
_c460278 _d460278 |
||